000 01480nam a22003977a 4500
001 2470351
003 OSt
005 20210426121555.0
008 900222s1990 nyuaf 001 0aeng
010 _a 90033371
020 _a0385266804
040 _aDLC
_cDLC
_dDLC
_beng
041 _aeng
043 _an-us---
_an-us-in
050 0 0 _aLD4112.7 1952
_b.A3 1990
080 _a92
_bH-61
082 0 0 _a378.772/89/092
_aB
_220
100 1 _aHesburgh, Theodore M.
_q(Theodore Martin),
_d1917-2015.
245 1 0 _aGod, country, Notre Dame /
_cThe Autobiography of Theodore M. Hesburgh with Jerry Reedy.
_b/ by: Doubleday
250 _a1st edition
260 _aNew York
_bDoubleday
_cc1990.
300 _axii, 331 p., [24] p. of plates
_bill.
_c24 cm.
365 _b21.95 usd
500 _aIncludes index.
600 1 0 _aHesburgh, Theodore M.
_q(Theodore Martin),
_d1917-2015.
610 2 0 _aUniversity of Notre Dame
_xPresidents
_vBiography.
610 2 0 _aCatholic Church
_zUnited States
_xClergy
_vBiography.
650 0 _aCollege presidents
_zIndiana
_vBiography.
650 0 _aBiography
_9237
650 0 _aSocial reformers
_zUnited States
_vBiography.
653 _aბიოგრაფია
700 1 _aReedy, Jerry.
906 _a7
_bcbc
_corignew
_d1
_eocip
_f19
_gy-gencatlg
942 _2udc
_cBK
_e1
999 _c1150
_d1150